| 000 | 00666nam a2200217 u 4500 | ||
|---|---|---|---|
| 005 | 20260328064232.0 | ||
| 008 | 150622s2005 r 000 0 eng d | ||
| 020 | _a0888996004 | ||
| 035 | _aUPN01000204427 | ||
| 049 | _aI | ||
| 050 | 4 |
_aPZ74.1 _bM6.2 |
|
| 100 | 1 |
_aMontejo, Víctor, _d1951- _937626 |
|
| 245 | 1 | 0 |
_aBlanca Flor : _buna princesa maya / _cVíctor Montejo ; il. Rafael Yockteng. |
| 260 |
_aToronto, Can. : _bGroundwood Book : _bHouse of Anansi Press, _c2005. |
||
| 300 |
_a36 p. : _bil. col. |
||
| 440 | 3 | _aUn libro tigrillo | |
| 650 | 4 |
_aMayas _xLeyendas _916736 |
|
| 650 | 4 |
_aLiteratura infantil _94445 |
|
| 905 | _aInfantil | ||
| 999 |
_c176528 _d176528 |
||